Introducción a la física 2 : para quinto año /
Guardado en:
| Autor Principal: | |
|---|---|
| Otros Autores: | |
| Formato: | Libro |
| Publicado: |
Buenos Aires :
Kapelusz,
1972
|
| Edición: | 7a. ed. |
| Materias: | |
| Etiquetas: |
Agregar Etiqueta
Sin Etiquetas, Sea el primero en etiquetar este registro!
|
| LEADER | 01908nam a22004095a 4500 | ||
|---|---|---|---|
| 001 | CEM.cems004084 | ||
| 005 | 20060216000000.0 | ||
| 008 | 130507s1972##################000#0#####d | ||
| 003 | CEMS | ||
| 082 | 0 | 4 | |a 530 |
| 100 | 1 | |a Maiztegui, Alberto P | |
| 245 | 1 | 0 | |a Introducción a la física 2 : |b para quinto año / |
| 250 | |a 7a. ed. | ||
| 260 | |a Buenos Aires : |b Kapelusz, |c 1972 | ||
| 300 | |a 538 p. | ||
| 505 | 0 | |a 1. La luz. 2. Geometr¡a de la luz. 3. El mundo de las ondas. 4. Magnetismo, electricidad y materia. 5. Energ¡a y corriente el'ctrica. 6. Los campos. 7. El mundo del tomo. | |
| 653 | |a Atomo | ||
| 653 | |a Campo electrico | ||
| 653 | |a Campo magnetico | ||
| 653 | |a Efecto fararday | ||
| 653 | |a Electricidad | ||
| 700 | 1 | |a Sabato, Jorge A | |
| 859 | |a CEMS |b BIB. CEMS - 11 de abril |h 530 |i M287A7/II |p 11277.82 |t Ej.8 | ||
| 859 | |a CEMS |b BIB. CEMS - 11 de abril |h 530 |i M287A7/II |p 11278.82 |t Ej.9 | ||
| 859 | |a CEMS |b BIB. CEMS - 11 de abril |h 530 |i M287A7/II |p 11279.82 |t Ej.10 | ||
| 859 | |a CEMS |b BIB. CEMS - 11 de abril |h 530 |i M287A7/II |p 11280.82 |t Ej.11 | ||
| 859 | |a CEMS |b BIB. CEMS - 11 de abril |h 530 |i M287A7/II |p 14765.87 |t Ej.2 | ||
| 859 | |a CEMS |b BIB. CEMS - 11 de abril |h 530 |i M287A7/II |p 15880.90 |t Ej.1 | ||
| 859 | |a CEMS |b BIB. CEMS - 11 de abril |h 530 |i M287A7/II |p 6723.79 |t Ej.3 | ||
| 859 | |a CEMS |b BIB. CEMS - 11 de abril |h 530 |i M287A7/II |p 7915.80 |t Ej.4 | ||
| 859 | |a CEMS |b BIB. CEMS - 11 de abril |h 530 |i M287A7/II |p 7916.80 |t Ej.5 | ||
| 859 | |a CEMS |b BIB. CEMS - 11 de abril |h 530 |i M287A7/II |p 8739.81 |t Ej.15 | ||
| 859 | |a CEMS |b BIB. CEMS - 11 de abril |h 530 |i M287A7/II |p 8740.81 |t Ej.13 | ||
| 859 | |a CEMS |b BIB. CEMS - 11 de abril |h 530 |i M287A7/II |p 9003.81 |t Ej.12 | ||
| 859 | |a CEMS |b BIB. CEMS - 11 de abril |h 530 |i M287A7/II |p 9004.81 |t Ej.14 | ||
| 859 | |a CEMS |b BIB. CEMS - 11 de abril |h 530 |i M287A7/II |p 9324.81 |t Ej.6 | ||
| 859 | |a CEMS |b BIB. CEMS - 11 de abril |h 530 |i M287A7/II |p 9325.81 |t Ej.7 | ||
